[Event "32nd ECC Open 2016"]
[Site "Novi Sad SRB"]
[Date "2016.11.11"]
[Round "6.13"]
[Board "3"]
[White "Rozentalis, Eduardas"]
[Black "Commercon, Simon"]
[Result "1/2-1/2"]
[WhiteTitle "GM"]
[WhiteElo "2573"]
[BlackElo "2266"]
[WhiteTeam "KGSRL Gent"]
[BlackTeam "The Smashing Pawns Bieles"]
[WhiteFideId "12800023"]
[BlackFideId "24620998"]
[EventDate "2016.11.06"]

1. e4 e5 2. Nc3 Nf6 3. g3 d5 4. exd5 Nxd5 5. Bg2 Nxc3 6. bxc3 Bc5 7. Ne2 Nc6 8.
d3 O-O 9. Be3 Bxe3 10. fxe3 Qf6 11. Rb1 b6 12. c4 Bg4 13. Qd2 Rae8 14. Nc3 Qd6
15. O-O Qd7 16. Qf2 Kh8 17. Nd5 f6 18. Be4 Nd8 19. Bf5 Bxf5 20. Qxf5 Qxf5 21.
Rxf5 c6 22. Nc3 g6 23. Rf2 Ne6 24. a4 f5 25. a5 Rb8 26. axb6 axb6 27. Rb2 Rf7
28. Rf1 Ra7 29. Rfb1 Ra6 30. Na2 Ra3 31. Nb4 Rc8 32. Ra2 Rxa2 33. Nxa2 Ra8 34.
Nb4 Nd8 35. Kf1 Kg7 36. Ke2 Kf7 37. d4 exd4 38. exd4 c5 39. Nd5 cxd4 40. Rxb6
Ra7 41. c5 Ra5 42. Rd6 Rxc5 43. Rxd8 Rxc2+ 44. Kd3 Rxh2 45. Kxd4 h5 46. Ke5 Re2+
47. Kd6 Re6+ 48. Kc5 g5 49. Rh8 Kg6 50. Rf8 Re4 51. Rf6+ Kg7 52. Rxf5 Kg6 53.
Rf6+ Kg7 54. Kd6 h4 55. gxh4 gxh4 56. Rf3 Kg6 57. Ne3 Kg5 58. Kd5 Rf4 59. Rh3
Ra4 60. Ke5 Rb4 61. Rh1 Rb5+ 62. Ke4 Rb4+ 63. Kf3 Rf4+ 64. Ke2 Ra4 65. Rg1+ Kh5
66. Kf3 Ra3 67. Rg8 Ra4 68. Nd5 Kh6 69. Nf4 Ra3+ 70. Ke4 Kh7 71. Rg4 h3 72. Rh4+
Kg7 73. Kf5 Ra5+ 74. Kg4 Kf7 75. Rxh3 Kf6 76. Rh6+ Kf7 77. Nd3 Kg7 78. Rd6 Kf7
79. Kf4 Ke7 80. Rh6 Rb5 81. Ne5 Rb1 82. Nc6+ Kd7 83. Ke4 Kc7 84. Kd5 Rb5+ 85.
Kd4 Rg5 86. Ne5 Rg1 87. Rc6+ Kb7 88. Rc3 Rd1+ 89. Nd3 Kb6 90. Kd5 Rh1 91. Rb3+
Kc7 92. Ne5 Rd1+ 93. Ke6 Rc1 94. Nd3 Rc6+ 95. Ke5 Rc2 96. Nf4 Kc6 97. Rb1 Rc5+
98. Ke6 Rc3 99. Nd5 Rh3 100. Rc1+ Kb5 101. Nf4 Rg3 102. Kd5 Rg5+ 103. Kd6 Rg4
104. Rc5+ Kb4 105. Nd5+ Kb3 106. Rb5+ Ka3 107. Kc5 Rh4 108. Rb8 Rg4 109. Ne3 Rh4
110. Nc4+ Ka2 111. Rb2+ Ka1 112. Re2 Kb1 113. Kb4 Rh3 114. Ne3 Rh8 115. Kc3 Rc8+
116. Nc4 Rc7 117. Re8 Ka2 118. Rb8 Rc6 119. Rb4 Ra6 120. Rb2+ Ka1 121. Rh2 Ra3+
122. Kb4 Rg3 123. Nd2 Rg4+ 124. Ka3 Rg3+ 125. Nb3+ 1/2-1/2

[Event "32nd ECC Open 2016"]
[Site "Novi Sad SRB"]
[Date "2016.11.11"]
[Round "6.13"]
[Board "4"]
[White "Wild, Achim"]
[Black "Schoppen, Casper"]
[Result "1/2-1/2"]
[WhiteElo "2230"]
[BlackElo "2325"]
[WhiteTeam "The Smashing Pawns Bieles"]
[BlackTeam "KGSRL Gent"]
[WhiteFideId "4658728"]
[BlackFideId "1046730"]
[EventDate "2016.11.06"]

1. c4 Nf6 2. Nf3 e6 3. g3 d5 4. Bg2 Be7 5. O-O O-O 6. b3 c5 7. cxd5 Nxd5 8. Bb2
Nc6 9. d4 cxd4 10. Nxd4 Nxd4 11. Qxd4 Bf6 12. Qd2 Bd7 13. Na3 Bc6 14. Nc4 Bxb2
15. Qxb2 Nb4 16. Rfd1 Qe7 17. Ne5 Bxg2 18. Rd7 Qe8 19. Kxg2 f6 20. Rxb7 Nd5 21.
e4 Qc8 22. Rb5 Qc3 23. Nc4 Qxb2 24. Nxb2 Nc3 25. Rb4 Rac8 26. Na4 Rfd8 27. Rc1
Nxa2 28. Rxc8 Rxc8 29. Rb7 Nc1 30. b4 Nd3 31. b5 Rc2 32. Rxa7 Nxf2 33. b6 Nxe4+
34. Kf3 Nd6 35. Rd7 Rc6 36. b7 Nxb7 37. Rxb7 Rc4 38. Ra7 h5 39. Nb6 Rc2 40. Nd7
e5 41. h4 Rc3+ 42. Kg2 Rc2+ 43. Kf3 Rc3+ 44. Kg2 Rc2+ 45. Kf3 1/2-1/2

[Event "32nd ECC Open 2016"]
[Site "Novi Sad SRB"]
[Date "2016.11.11"]
[Round "6.13"]
[Board "5"]
[White "Goormachtigh, Johan"]
[Black "Jeitz, Christian"]
[Result "1/2-1/2"]
[WhiteTitle "FM"]
[WhiteElo "2184"]
[BlackElo "2173"]
[WhiteTeam "KGSRL Gent"]
[BlackTeam "The Smashing Pawns Bieles"]
[WhiteFideId "200280"]
[BlackFideId "4000803"]
[EventDate "2016.11.06"]

1. d4 Nf6 2. c4 g6 3. Nc3 d5 4. Nf3 Bg7 5. cxd5 Nxd5 6. e4 Nxc3 7. bxc3 c5 8.
Be3 Qa5 9. Qd2 Nc6 10. Rc1 cxd4 11. cxd4 Qxd2+ 12. Kxd2 O-O 13. Bb5 Rd8 14. Bxc6
bxc6 15. Rc5 f5 16. exf5 Bxf5 17. Ne5 Bxe5 18. Rxe5 Kf7 19. Rc1 Rac8 20. Ra5 Rd7
21. Rc3 Be4 22. f3 Bd5 23. Bf4 Rcd8 24. Ke3 Rb7 25. Rca3 Rdd7 26. h4 Bc4 27. Rc5
Bd5 28. Rca5 Bc4 29. Rc5 Bd5 30. Rca5 Bc4 1/2-1/2

[Event "32nd ECC Open 2016"]
[Site "Novi Sad SRB"]
[Date "2016.11.11"]
[Round "6.13"]
[Board "6"]
[White "Gengler, Pierre"]
[Black "Vanheirzeele, Daniel"]
[Result "1/2-1/2"]
[WhiteElo "2243"]
[BlackElo "2120"]
[WhiteTeam "The Smashing Pawns Bieles"]
[BlackTeam "KGSRL Gent"]
[WhiteFideId "4000714"]
[BlackFideId "200425"]
[EventDate "2016.11.06"]

1. g3 c5 2. Bg2 Nc6 3. Nf3 g6 4. O-O Bg7 5. c4 e5 6. Nc3 Nge7 7. a3 O-O 8. b4 e4
9. Ng5 d5 10. cxd5 Nxd5 11. Ngxe4 cxb4 12. axb4 Ndxb4 13. Ba3 Re8 14. e3 Bf5 15.
d4 a5 16. Nc5 b6 17. Bxb4 Nxb4 18. N5a4 Rc8 19. Qd2 b5 20. Nxb5 Bd3 21. Nac3
Bxf1 22. Kxf1 Qb6 23. Kg1 Red8 24. Qe2 Re8 25. Rd1 h5 26. Na4 Qd8 27. d5 Rc2 28.
Qf1 Qd7 29. d6 Rb8 30. Bh3 f5 31. Nac3 1/2-1/2

[Event "32nd ECC Open 2016"]
[Site "Novi Sad SRB"]
[Date "2016.11.11"]
[Round "6.14"]
[Board "1"]
[White "Sethuraman, S.P."]
[Black "Dambacher, Martijn"]
[Result "1-0"]
[WhiteTitle "GM"]
[BlackTitle "GM"]
[WhiteElo "2649"]
[BlackElo "2479"]
[WhiteTeam "Itaka"]
[BlackTeam "KSK47 Eynatten"]
[WhiteFideId "5021596"]
[BlackFideId "1005030"]
[EventDate "2016.11.06"]

1. e4 c5 2. Nf3 d6 3. d4 cxd4 4. Nxd4 Nf6 5. Nc3 a6 6. h3 e5 7. Nb3 Be6 8. f4
Nc6 9. Qf3 Be7 10. Be3 exf4 11. Bxf4 Ne5 12. Qe3 Nh5 13. g3 Ng6 14. Rg1 Ngxf4
15. gxf4 Bh4+ 16. Kd2 Qf6 17. f5 Bxb3 18. axb3 h6 19. Nd5 Qxb2 20. Nc7+ Kf8 21.
Ra4 Rc8 22. Rc4 Bg5 23. Ne6+ Ke7 24. Nxg5 hxg5 25. Qb6 Rxc4 26. Bxc4 Rd8 27.
Qxb7+ Rd7 28. Qb6 Nf6 29. Bd3 Qe5 30. Qe3 d5 31. exd5 Qxe3+ 32. Kxe3 Nxd5+ 33.
Kf3 Nb4 34. Be4 Kf6 35. Ra1 Rc7 36. c4 Ke5 37. Ke3 Rc5 38. Rd1 1-0

[Event "32nd ECC Open 2016"]
[Site "Novi Sad SRB"]
[Date "2016.11.11"]
[Round "6.14"]
[Board "2"]
[White "Swinkels, Robin"]
[Black "Indjic, Aleksandar"]
[Result "1/2-1/2"]
[WhiteTitle "GM"]
[BlackTitle "GM"]
[WhiteElo "2480"]
[BlackElo "2573"]
[WhiteTeam "KSK47 Eynatten"]
[BlackTeam "Itaka"]
[WhiteFideId "1010824"]
[BlackFideId "911925"]
[EventDate "2016.11.06"]

1. d4 Nf6 2. c4 c5 3. d5 e6 4. Nc3 exd5 5. cxd5 d6 6. g3 g6 7. Bg2 Bg7 8. Nf3
O-O 9. O-O Re8 10. Bf4 Na6 11. Re1 Bg4 12. h3 Bf5 13. Nd2 Nh5 14. e4 Nxf4 15.
gxf4 Bd7 16. Nc4 Qh4 17. Qf3 Bf8 18. e5 Bf5 19. Ne4 Bxe4 20. Rxe4 b5 21. Nxd6
Bxd6 22. exd6 Qf6 23. d7 Red8 24. Qe2 Kg7 25. Re7 Rab8 26. d6 Qxd6 27. Rd1 Qxf4
28. Bd5 Rf8 29. Bxf7 Rxf7 30. Rxf7+ Kxf7 31. Rd3 Qc1+ 32. Kh2 Qf4+ 33. Kg1 Qc1+
34. Kh2 Qf4+ 1/2-1/2

[Event "32nd ECC Open 2016"]
[Site "Novi Sad SRB"]
[Date "2016.11.11"]
[Round "6.14"]
[Board "3"]
[White "Vuckovic, Bojan"]
[Black "Zelbel, Patrick"]
[Result "1/2-1/2"]
[WhiteTitle "GM"]
[BlackTitle "IM"]
[WhiteElo "2584"]
[BlackElo "2457"]
[WhiteTeam "Itaka"]
[BlackTeam "KSK47 Eynatten"]
[WhiteFideId "922277"]
[BlackFideId "24624322"]
[EventDate "2016.11.06"]

1. e4 e5 2. Nf3 Nc6 3. Bc4 Nf6 4. Ng5 d5 5. exd5 Na5 6. Bb5+ c6 7. dxc6 bxc6 8.
Bd3 Nd5 9. Nf3 Bd6 10. O-O O-O 11. Re1 f5 12. Nxe5 Qf6 13. Nc4 Nxc4 14. Bxc4 Qh4
15. Bxd5+ cxd5 16. h3 Qf4 17. g3 Qh6 18. Qf3 Qxh3 19. Qxd5+ Kh8 20. Qxa8 f4 21.
Qg2 fxg3 22. fxg3 Bxg3 23. Qxh3 Bxh3 24. d3 Bxe1 25. Be3 Re8 26. Bxa7 Re2 27.
Nc3 Rg2+ 28. Kh1 Bg3 29. Ne4 Rh2+ 30. Kg1 Rg2+ 31. Kh1 Rh2+ 32. Kg1 Rg2+ 1/2-1/2

[Event "32nd ECC Open 2016"]
[Site "Novi Sad SRB"]
[Date "2016.11.11"]
[Round "6.14"]
[Board "5"]
[White "Sarenac, Ivan"]
[Black "Hammes, Michael"]
[Result "1-0"]
[WhiteTitle "IM"]
[BlackTitle "IM"]
[WhiteElo "2414"]
[BlackElo "2332"]
[WhiteTeam "Itaka"]
[BlackTeam "KSK47 Eynatten"]
[WhiteFideId "938165"]
[BlackFideId "4619358"]
[EventDate "2016.11.06"]

1. e4 e6 2. d4 d5 3. Nc3 Bb4 4. Qd3 Ne7 5. Ne2 Nbc6 6. e5 f6 7. f4 fxe5 8. fxe5
Nf5 9. Bd2 Nfxd4 10. O-O-O Nxe2+ 11. Bxe2 Bxc3 12. Qxc3 Qh4 13. Rdf1 Bd7 14. Rf4
Qe7 15. Rhf1 d4 16. Qg3 O-O-O 17. Rf7 Qc5 18. Rxg7 Qxe5 19. Qxe5 Nxe5 20. Bf4
Ng6 21. Bg5 Rdg8 22. Rff7 Rxg7 23. Rxg7 e5 24. Bd3 Bc6 25. Bf5+ Kb8 26. g4 a5
27. h4 Bf3 28. h5 Nf4 29. h6 Ng6 30. Bxg6 hxg6 31. h7 1-0

[Event "32nd ECC Open 2016"]
[Site "Novi Sad SRB"]
[Date "2016.11.11"]
[Round "6.14"]
[Board "6"]
[White "Stillger, Bernhard"]
[Black "Damjanovic, Vuk"]
[Result "1-0"]
[WhiteTitle "FM"]
[WhiteElo "2255"]
[BlackElo "1461"]
[WhiteTeam "KSK47 Eynatten"]
[BlackTeam "Itaka"]
[WhiteFideId "4610768"]
[BlackFideId "980021"]
[EventDate "2016.11.06"]

1. Nf3 d5 2. g3 c6 3. Bg2 Bg4 4. d4 Bxf3 5. Bxf3 Nf6 6. Nd2 Nbd7 7. e4 dxe4 8.
Nxe4 Nxe4 9. Bxe4 e6 10. O-O Bd6 11. c3 O-O 12. Re1 Nf6 13. Bg2 h6 14. Qb3 Qb6
15. Be3 Nd5 16. Bd2 Rfe8 17. Rad1 Rad8 18. c4 Qxb3 19. axb3 Nf6 20. Bc3 Kf8 21.
f4 Rd7 22. Bh3 Bc7 23. Kg2 a5 24. f5 exf5 25. Rxe8+ Kxe8 26. Bxf5 Re7 27. Kf3 h5
28. b4 b6 29. bxa5 bxa5 30. Re1 g6 31. Bc2 Rxe1 32. Bxe1 Ke7 33. Ba4 Kd6 34. b4
Nd7 35. bxa5 c5 36. Bxd7 Kxd7 37. dxc5 Kc6 38. a6 Bb8 39. Bf2 f5 40. Be3 Be5 41.
a7 Kb7 42. c6+ Ka8 43. Bb6 1-0

[Event "32nd ECC Open 2016"]
[Site "Novi Sad SRB"]
[Date "2016.11.11"]
[Round "6.15"]
[Board "1"]
[White "Lauber, Arnd"]
[Black "Arnaudov, G. Petar"]
[Result "0-1"]
[WhiteTitle "IM"]
[BlackTitle "GM"]
[WhiteElo "2434"]
[BlackElo "2471"]
[WhiteTeam "Schachfreunde Berlin"]
[BlackTeam "Gambit ASSECO SEE"]
[WhiteFideId "4632630"]
[BlackFideId "2907127"]
[EventDate "2016.11.06"]

1. d4 Nf6 2. c4 c5 3. d5 g6 4. Nc3 d6 5. e4 Bg7 6. Bd3 O-O 7. Bg5 h6 8. Be3 e6
9. h3 Na6 10. Qd2 Kh7 11. Nf3 Nc7 12. e5 dxe5 13. Bxc5 exd5 14. Bxf8 Qxf8 15.
cxd5 Nfxd5 16. Nxd5 Nxd5 17. Bxg6+ fxg6 18. Qxd5 e4 19. Nd2 Bf5 20. g4 Rd8 21.
Qxb7 Be6 22. Qxa7 Qb4 23. Rd1 Rd3 24. b3 Bd5 25. Ke2 Qc3 26. Rhg1 Rxh3 27. Nb1
Qe5 28. Qc5 Rd3 29. Rd2 Qf4 30. Rxd3 exd3+ 31. Ke1 Bd4 32. Qe7+ Kh8 33. Qe8+ Kg7
34. Qe7+ Bf7 35. Kd1 Qxf2 0-1

[Event "32nd ECC Open 2016"]
[Site "Novi Sad SRB"]
[Date "2016.11.11"]
[Round "6.15"]
[Board "2"]
[White "Percivaldi, Martin"]
[Black "Baldauf, Marco"]
[Result "1-0"]
[WhiteTitle "FM"]
[BlackTitle "IM"]
[WhiteElo "2373"]
[BlackElo "2431"]
[WhiteTeam "Gambit ASSECO SEE"]
[BlackTeam "Schachfreunde Berlin"]
[WhiteFideId "1508148"]
[BlackFideId "4688210"]
[EventDate "2016.11.06"]

1. Nf3 c5 2. c4 Nf6 3. Nc3 e6 4. g3 b6 5. Bg2 Bb7 6. O-O d6 7. d4 cxd4 8. Qxd4
a6 9. Bg5 Nbd7 10. Nd2 Bxg2 11. Kxg2 Qc7 12. Nde4 Nxe4 13. Nxe4 f5 14. Nc3 h6
15. Bd2 Qc5 16. Qxc5 bxc5 17. e4 g6 18. Rfe1 Kf7 19. Rad1 Be7 20. Bf4 e5 21. Bc1
Nf6 22. f4 fxe4 23. fxe5 dxe5 24. Nxe4 Nxe4 25. Rxe4 Bf6 26. Rd7+ Ke6 27. Rd5
Rac8 28. Bf4 Rhd8 29. Bxe5 Rxd5 30. Bxf6+ Kxf6 31. cxd5 Rd8 32. Re6+ Kf5 33.
Rxa6 Rxd5 34. Kf3 Rd2 35. Rb6 Rxh2 36. a4 h5 37. a5 Rh1 38. Rb3 Rd1 39. a6 Rd7
40. Rb5 Rc7 41. Ra5 1-0

[Event "32nd ECC Open 2016"]
[Site "Novi Sad SRB"]
[Date "2016.11.11"]
[Round "6.15"]
[Board "3"]
[White "Polzin, Rainer"]
[Black "Stojcevski, Zoran"]
[Result "1-0"]
[WhiteTitle "GM"]
[BlackTitle "FM"]
[WhiteElo "2413"]
[BlackElo "2316"]
[WhiteTeam "Schachfreunde Berlin"]
[BlackTeam "Gambit ASSECO SEE"]
[WhiteFideId "4610741"]
[BlackFideId "15000192"]
[EventDate "2016.11.06"]

1. e4 e5 2. Nf3 Nc6 3. Bb5 Bc5 4. c3 Qf6 5. d4 exd4 6. e5 Qg6 7. cxd4 Bb4+ 8.
Nc3 d5 9. O-O Bxc3 10. bxc3 Bg4 11. Bd3 Qe6 12. h3 Bxf3 13. Qxf3 Nge7 14. Qg3
O-O-O 15. Qxg7 Nf5 16. Qf6 Qxf6 17. exf6 Nd6 18. Bh6 Ne4 19. Bxe4 dxe4 20. Rae1
Rhe8 21. Re3 Rd6 22. Bg7 Na5 23. Rfe1 Rde6 24. f4 Nc4 25. f5 Rc6 26. Rxe4 Rxe4
27. Rxe4 Nd6 28. Re5 Rxc3 29. Bf8 Kd7 30. Bxd6 Kxd6 31. Re7 h5 32. Rxf7 Rc6 33.
Rf8 Kd7 34. g4 hxg4 35. hxg4 1-0

[Event "32nd ECC Open 2016"]
[Site "Novi Sad SRB"]
[Date "2016.11.11"]
[Round "6.15"]
[Board "4"]
[White "Nikolovski, Nikola"]
[Black "Wendt, Jan-Dietrich"]
[Result "1-0"]
[WhiteTitle "FM"]
[BlackTitle "FM"]
[WhiteElo "2274"]
[BlackElo "2332"]
[WhiteTeam "Gambit ASSECO SEE"]
[BlackTeam "Schachfreunde Berlin"]
[WhiteFideId "15002314"]
[BlackFideId "4623797"]
[EventDate "2016.11.06"]

1. e4 c5 2. Nc3 e6 3. f4 d5 4. Nf3 dxe4 5. Nxe4 Nc6 6. g3 Nf6 7. Nxf6+ Qxf6 8.
Bg2 Bd6 9. O-O O-O 10. d3 Rd8 11. c3 Qe7 12. Ng5 Qc7 13. Be3 Bf8 14. Qe2 h6 15.
Ne4 b6 16. Rad1 Bb7 17. f5 exf5 18. Rxf5 Ne7 19. Rh5 f5 20. Bf4 Qc6 21. Nf6+
Qxf6 22. Bxb7 Rab8 23. Bxb8 Rxb8 24. Bg2 g5 25. Rf1 Rd8 26. h4 Bg7 27. hxg5 hxg5
28. Qe3 g4 29. Be4 Qe5 30. Rhxf5 Nxf5 31. Rxf5 Qe8 32. Qe2 1-0

[Event "32nd ECC Open 2016"]
[Site "Novi Sad SRB"]
[Date "2016.11.11"]
[Round "6.15"]
[Board "5"]
[White "Lundin, Jan"]
[Black "Mitkov, Marjan"]
[Result "0-1"]
[WhiteTitle "FM"]
[BlackTitle "IM"]
[WhiteElo "2264"]
[BlackElo "2320"]
[WhiteTeam "Schachfreunde Berlin"]
[BlackTeam "Gambit ASSECO SEE"]
[WhiteFideId "1706896"]
[BlackFideId "15000354"]
[EventDate "2016.11.06"]

1. e4 e5 2. Nf3 Nc6 3. d4 exd4 4. Nxd4 Bc5 5. Nxc6 bxc6 6. Bd3 d6 7. O-O Ne7 8.
Kh1 O-O 9. Nd2 f5 10. Qh5 Qe8 11. Qxe8 Rxe8 12. exf5 Bxf5 13. Ne4 Bb6 14. Bg5
Nd5 15. Nc5 Rf8 16. Bxf5 Rxf5 17. Ne4 Nb4 18. Bd2 Nxc2 19. Rac1 Nd4 20. f3 Re8
21. Rfe1 Rfe5 22. Red1 c5 23. h3 h6 24. Kh2 Rf5 25. Ng3 Rff8 26. Ne4 Nc6 27. Be3
Ne5 28. Bg1 c4 29. Rd5 Rb8 30. Rd2 Nd3 31. Rcc2 d5 32. Nc3 Ba5 33. Re2 Bxc3 34.
Rxc3 Rxb2 35. Re7 Nf4 36. Bd4 Rxg2+ 37. Kh1 Rg6 38. Ra3 Ne6 39. Be5 Rf5 40. f4
Nc5 41. Rxa7 Nd3 42. Raxc7 Nxe5 43. fxe5 Rf1+ 44. Kh2 Rf2+ 45. Kh1 Rfg2 46. h4
R2g4 0-1

[Event "32nd ECC Open 2016"]
[Site "Novi Sad SRB"]
[Date "2016.11.11"]
[Round "6.15"]
[Board "6"]
[White "Andonovski, Ljubisa"]
[Black "Noetzel, Felix"]
[Result "1-0"]
[WhiteTitle "FM"]
[WhiteElo "2298"]
[BlackElo "2209"]
[WhiteTeam "Gambit ASSECO SEE"]
[BlackTeam "Schachfreunde Berlin"]
[WhiteFideId "15000427"]
[BlackFideId "24637416"]
[EventDate "2016.11.06"]

1. d4 d5 2. c4 e6 3. Nf3 c6 4. Qc2 Nf6 5. Bg5 Nbd7 6. e3 Be7 7. Nc3 O-O 8. O-O-O
Qa5 9. Kb1 Re8 10. h4 dxc4 11. Bxc4 b5 12. Bd3 Bb7 13. Ne5 h6 14. Nxd7 Nxd7 15.
Bxe7 Rxe7 16. Ne4 e5 17. Nd6 Qb6 18. Bh7+ Kh8 19. Be4 Nf6 20. dxe5 Nxe4 21. Qxe4
c5 22. Nxb7 Qxb7 23. Qxb7 Rxb7 24. Rd5 Rc8 25. Rhd1 Rcc7 26. h5 Kh7 27. g4 c4
28. Rd8 g6 29. Kc2 Kg7 30. f4 gxh5 31. gxh5 f6 32. e6 f5 33. Rg1+ Kf6 34. Rg6+
Ke7 35. Rd5 b4 36. Rxf5 Kd6 37. Re5 b3+ 38. axb3 cxb3+ 39. Kd3 Re7 40. Ra5 1-0

[Event "32nd ECC Open 2016"]
[Site "Novi Sad SRB"]
[Date "2016.11.11"]
[Round "6.16"]
[Board "1"]
[White "Aabling-Thomsen, Jakob"]
[Black "Nijboer, Friso"]
[Result "1-0"]
[WhiteTitle "FM"]
[BlackTitle "GM"]
[WhiteElo "2382"]
[BlackElo "2550"]
[WhiteTeam "Bronshoj Skakforening"]
[BlackTeam "En Passant"]
[WhiteFideId "1407589"]
[BlackFideId "1000063"]
[EventDate "2016.11.06"]

1. g3 g6 2. d4 Bg7 3. Bg2 d6 4. e4 c6 5. Nc3 h5 6. h3 Nd7 7. Be3 Qc7 8. f4 h4 9.
g4 e5 10. Nf3 b5 11. O-O b4 12. Ne2 Ngf6 13. Ng5 Nb6 14. fxe5 dxe5 15. dxe5 Qxe5
16. Nxf7 Kxf7 17. Bd4 Qg5 18. e5 Ba6 19. exf6 Bxf6 20. Bxb6 axb6 21. Qd7+ Kg8
22. Bxc6 Rh7 23. Qe6+ 1-0

[Event "32nd ECC Open 2016"]
[Site "Novi Sad SRB"]
[Date "2016.11.11"]
[Round "6.16"]
[Board "2"]
[White "Vedder, Henk"]
[Black "Carstensen, Jacob"]
[Result "0-1"]
[WhiteTitle "IM"]
[BlackTitle "IM"]
[WhiteElo "2370"]
[BlackElo "2383"]
[WhiteTeam "En Passant"]
[BlackTeam "Bronshoj Skakforening"]
[WhiteFideId "1002872"]
[BlackFideId "1404180"]
[EventDate "2016.11.06"]

1. e4 c5 2. Nf3 d6 3. c3 Nf6 4. Bd3 Nc6 5. Bc2 Bg4 6. h3 Bh5 7. d3 e6 8. Nbd2
Be7 9. Nf1 d5 10. Ng3 Bg6 11. Qe2 Qc7 12. O-O Bd6 13. exd5 Nxd5 14. Ne4 Be7 15.
Ba4 O-O-O 16. Bxc6 Qxc6 17. Ne5 Qc7 18. Nxg6 hxg6 19. Qf3 f6 20. d4 cxd4 21.
cxd4 Kb8 22. Bd2 g5 23. Rfe1 Qb6 24. Bc3 Rh4 25. Nc5 e5 26. Nb3 g4 27. Qg3 Rdh8
28. dxe5 f5 29. e6+ Ka8 30. Bxg7 Rg8 31. Be5 f4 32. Bxf4 Nxf4 33. Re4 Nh5 34.
Qe5 Nf6 35. Rc4 Rhh8 36. hxg4 Rf8 37. Qd4 Qxe6 38. Rac1 Bd6 39. g3 Qe7 40. g5
Qh7 41. Kf1 Qh3+ 42. Ke2 Re8+ 43. Kd1 Be5 44. Qc5 Rd8+ 45. Ke2 Bxg3 46. Nd4
Rhe8+ 47. Kd1 Ne4 48. Qb4 Bd6 49. Qb3 Nxf2+ 50. Kd2 Bf4+ 0-1

[Event "32nd ECC Open 2016"]
[Site "Novi Sad SRB"]
[Date "2016.11.11"]
[Round "6.16"]
[Board "3"]
[White "Pilgaard, Kim"]
[Black "Peng, Zhaoqin"]
[Result "1-0"]
[WhiteTitle "IM"]
[BlackTitle "GM"]
[WhiteElo "2384"]
[BlackElo "2380"]
[WhiteTeam "Bronshoj Skakforening"]
[BlackTeam "En Passant"]
[WhiteFideId "1400657"]
[BlackFideId "1004786"]
[EventDate "2016.11.06"]

1. d4 Nf6 2. c4 e6 3. Nc3 Bb4 4. e3 O-O 5. Bd3 d5 6. cxd5 exd5 7. Ne2 c5 8. a3
cxd4 9. axb4 dxc3 10. Nxc3 Nc6 11. b5 Ne5 12. Be2 Re8 13. O-O b6 14. Ra4 Bb7 15.
b3 Ned7 16. Bb2 Nc5 17. Rd4 Qe7 18. Bf3 Nce4 19. Nxe4 dxe4 20. Be2 Bc8 21. Bc4
Bg4 22. Qa1 Qc5 23. Rc1 Qg5 24. Bf1 Be6 25. Ra4 Bxb3 26. Rxa7 Bd5 27. Rxa8 Bxa8
28. Qa7 Nd5 29. Bd4 Qg6 30. Ra1 h6 31. Ra6 Qe6 32. Bc4 Rc8 33. h3 Kh7 34. g3 Kg8
35. Kg2 Kh7 36. Be2 Rd8 37. Bg4 Qd6 38. Qxf7 Qf8 1-0

[Event "32nd ECC Open 2016"]
[Site "Novi Sad SRB"]
[Date "2016.11.11"]
[Round "6.16"]
[Board "4"]
[White "Van de Griendt, Jan Willem"]
[Black "Petersen, Steen1"]
[Result "1-0"]
[WhiteTitle "IM"]
[WhiteElo "2357"]
[BlackElo "2145"]
[WhiteTeam "En Passant"]
[BlackTeam "Bronshoj Skakforening"]
[WhiteFideId "1002112"]
[BlackFideId "1402706"]
[EventDate "2016.11.06"]

1. d4 Nf6 2. c4 e6 3. Nf3 c5 4. d5 b5 5. Bg5 b4 6. Nbd2 Be7 7. dxe6 fxe6 8. a3
Nc6 9. e3 Rb8 10. Bd3 d6 11. Qc2 Kf7 12. O-O Bd7 13. Rfd1 Qc7 14. h3 g6 15. Bh6
Bf8 16. Bf4 bxa3 17. bxa3 e5 18. Bg5 Bg7 19. Bh4 Rhf8 20. Ne4 Nxe4 21. Bxe4 Bf6
22. Bxf6 Kxf6 23. Qd3 Ke7 24. Ng5 h6 25. Nh7 Rh8 26. Bxg6 Rbg8 27. Qe4 Kd8 28.
Nf6 Rg7 29. Nxd7 Kxd7 30. Bf5+ Ke7 31. Qh4+ Kf7 32. Ra2 Rg5 33. Be4 Ne7 34. f4
exf4 35. Qxf4+ Ke6 36. Rf2 Rb8 37. h4 Re5 38. Qf6+ Kd7 39. Qxe5 1-0

[Event "32nd ECC Open 2016"]
[Site "Novi Sad SRB"]
[Date "2016.11.11"]
[Round "6.16"]
[Board "5"]
[White "Andersen, Soren Mikkel"]
[Black "Vedder, Richard"]
[Result "0-1"]
[BlackTitle "FM"]
[WhiteElo "2086"]
[BlackElo "2208"]
[WhiteTeam "Bronshoj Skakforening"]
[BlackTeam "En Passant"]
[WhiteFideId "1411918"]
[BlackFideId "1004166"]
[EventDate "2016.11.06"]

1. d4 d5 2. c4 dxc4 3. e4 Nc6 4. Nf3 Bg4 5. d5 Ne5 6. Bf4 Ng6 7. Be3 Nf6 8. Nc3
e5 9. Bxc4 Nh4 10. Rg1 Bd6 11. Be2 Ng6 12. Nd2 Bd7 13. g3 h5 14. f3 h4 15. Nc4
hxg3 16. Nxd6+ cxd6 17. hxg3 Rh3 18. Qd2 Nh5 19. Bf2 Rh2 20. Qe3 Qa5 21. O-O-O
b5 22. a3 b4 23. axb4 Qxb4 24. Rd2 a5 25. Qb6 Rc8 26. Rc2 Rb8 27. Qa7 a4 28. Be1
Rb7 29. Qa8+ Rb8 30. Qa7 Rc8 31. Bd3 Rxc2+ 32. Bxc2 Qd4 33. Bf2 Qb4 34. Qb6 Qxb6
35. Bxb6 a3 36. Kd2 axb2 37. Bf2 Nf6 38. Rb1 Nh7 39. Rxb2 Ng5 40. Bd1 f5 41.
exf5 Bxf5 42. Rb7 Bd7 43. Be3 Nf7 44. Ne4 Ne7 45. Bb3 Nf5 46. Bb6 Ra8 47. g4 Ne7
48. Bc7 Nc8 49. Kc3 Nd8 50. Bxd8 Kxd8 51. Ng5 Ra7 52. Rxa7 Nxa7 53. Kb4 Nc8 54.
Bc2 Ke7 55. Ka5 Kd8 56. Be4 Kc7 57. Bc2 Ne7 58. Be4 Ng8 59. Bc2 Nf6 60. Bb3 e4
61. Nxe4 Nxe4 62. fxe4 Bxg4 63. Kb4 Bf3 64. Bc2 g5 65. Kc3 g4 66. Kd4 g3 67. Ke3
g2 68. Kf2 Kb6 69. Bd3 Kc5 70. Bb1 Kd4 71. Bc2 Bxe4 72. Bxe4 Kxe4 73. Kxg2 Kxd5
74. Kf3 Kd4 75. Ke2 Kc4 0-1

[Event "32nd ECC Open 2016"]
[Site "Novi Sad SRB"]
[Date "2016.11.11"]
[Round "6.16"]
[Board "6"]
[White "De Graaf, Dick"]
[Black "Christensen, Esben"]
[Result "1-0"]
[WhiteElo "2207"]
[BlackElo "2016"]
[WhiteTeam "En Passant"]
[BlackTeam "Bronshoj Skakforening"]
[WhiteFideId "1005677"]
[BlackFideId "1402307"]
[EventDate "2016.11.06"]

1. e4 c5 2. Nf3 e6 3. d4 cxd4 4. Nxd4 Nf6 5. Nc3 d6 6. Bg5 Be7 7. Qd2 a6 8. f4
Qc7 9. f5 O-O 10. Bd3 Nc6 11. Nxc6 Qxc6 12. fxe6 Bxe6 13. O-O Rfe8 14. Kh1 Ng4
15. Bxe7 Rxe7 16. Qg5 f6 17. Qh4 Ne5 18. Rad1 Nxd3 19. cxd3 d5 20. e5 Rf7 21.
exf6 Raf8 22. d4 Rxf6 23. Rxf6 Rxf6 24. h3 Qc7 25. Re1 Rf4 26. Qg5 h6 27. Qe5
Qxe5 28. Rxe5 Kf7 29. Ne2 Rf1+ 30. Kh2 g5 31. Nc3 Rf4 32. Ne2 Rf1 33. Re3 Rd1
34. Rb3 b5 35. Kg3 Rd2 36. Kf3 Bf5 37. Ke3 Rc2 38. Ra3 Rxb2 39. Rxa6 b4 40. a4
Ra2 41. a5 b3 42. Rb6 b2 43. Nc3 Ra3 44. Kd2 Rxc3 45. Kxc3 b1=Q 46. Rxb1 Bxb1 1-0